000 00441nam a22001577a 4500
003 OSt
005 20220812145545.0
008 220812b ||||| |||| 00| 0 eng d
040 _cAACR2
082 _a621 CHI
100 _aChirag Nanjappa and et.al.
_913254
245 _aSemi automated cement plastering machine
260 _aPonnampet
_bCoorg Institute of Technology
_c2022
600 _aMechanical Engineering
_913252
942 _2ddc
_cPR
999 _c189721
_d189721